00499nam a22001697a 450000500170000001000150001702000260003203500140005803700130007208200120008510000090009724500560010626000640016227000540022630000210028070000280030120231122125215.0 aENG-138285 c400.00a9788170547006 aEN-121817 bDBAD/PUB a649.122 aRenu aMother's Relation to new born baby/cby Renu kumari aKarampurabB. K. Taneja Classical Publishing Companyc2016 bNew Delhia28- Shopping Center, Karampurae110015 a128p.c23cm (hb) aBanik , Sharmila Dutta